| 000 | 00586nam a2200229Ia 4500 | ||
|---|---|---|---|
| 003 | OSt | ||
| 005 | 20221007072341.0 | ||
| 006 | a|||||r|||| 00| 0 | ||
| 007 | ta | ||
| 008 | 221006b |||||||| |||| 00| 0 eng d | ||
| 024 | _a18,431 | ||
| 037 | _cTextual | ||
| 040 |
_aFLL _cFLL _beng |
||
| 041 |
_2eng _aeng |
||
| 082 | _aZ1591:3, K0 | ||
| 100 |
_aBlix Hans _9147926 |
||
| 245 | 0 | _aTreaty-making power | |
| 260 |
_aLondon _bStevens & Sons Ltd. England _c1960 |
||
| 300 |
_a414p _ccm. |
||
| 942 |
_hZ1591:3, K0 _cTEXL _2CC |
||
| 999 |
_c1145822 _d1145822 |
||